Quizzes
Events
Quiz Creation
Community
Videos
Private Events
Remove Ads
Sign In
Join for FREE
Feedback
Dark Mode
Quiz Categories
Sports
Geography
Music
Movies
Television
Just For Fun
Miscellaneous
History
Literature
Language
Science
Gaming
Entertainment
Religion
Holiday
For Kids
Quiz Lab
Recent
Popular Today
Quiz Kudos Today
Editor Picks
Curator Picks
Quizzes by...
Day
Popularity
Type
Ratings
Length
Year
Community
Subscriptions
Recent Discussions
Orange Saloon
Badges
Playlists
Quests
Create
Leaderboards
Showdown
Live 5
Trivia Bingo
Activity
Puzzle Library
Sporcle Events
Private Events
Virtual Trivia
Globe League
Become a Host
Pub Owners
SporcleCon
Opinionation
Our Games
Videos
Blog
Mobile Apps
Partnerships
Remove Ads and Go Orange
Feedback
Sports
Athletes
MLB
NBA
NHL
NFL
Soccer
Sports Teams
WWE
NCAA
Football
Premier League
Basketball
Baseball
Hockey
Golf
Tennis
Cricket
Rugby
Auto Racing
Olympics
World Cup
Sports
Athletes
MLB
NBA
NHL
NFL
Soccer
Sports Teams
WWE
NCAA
Football
Premier League
Basketball
Baseball
Hockey
Golf
Tennis
Cricket
Rugby
Auto Racing
Olympics
World Cup
Random Quiz
Search Sporcle
×
Quiz Lab
Quiz Lab
Sports
Olympics
Type in answers that appear in a list
Type in answers that appear in a list
Classic
Best Score? Go Orange.
Winter Olympics Quiz Stats
Can you name the answers to these questions about the Winter Olympics?
By
Oppmannen
10m
50 Questions
339 Plays
339 Plays
339 Plays
Comments
Comments
Give Quiz Kudos
Give Quiz Kudos
-
- Ratings
hide this ad
Forced Order
Answers have to be entered in order
Answers have to be entered in order
Replay
Link that replays current quiz
Next Quiz
Link to next quiz in quiz playlist
You Got
0%
They Got
Avg Score
32%
Avg Friend Score
Upgrade to see
Score Distribution
Jump to the score distribution portion of the page
Score
0/50
Timer
10:00
0
Plays Today
Question
Answer
% Correct
How many circles are there in the olympic badge?
5
91.7%
How many winter olympics have been located in the USA?
4
79.6%
In which country was the first winter olympics arranged?
France
76.1%
In which month of the year does the winter olympics usually find place?
February
75.5%
And which year did it happend (year)?
1924
69%
What are the name of the olympic games for the disabled?
Paralympic Games
68.4%
How many winter olympics have been arranged (before the Vancouver games)?
20
63.7%
How many italians finished in the top 8 in the 30 km for men in Nagano in 1998?
4
61.9%
What are these circles representing?
The Continents
56.9%
Who is the current president of the IOC?
Jacques Rogge
42.5%
Which country did Johann Mühlegg represent in the 1992 and 1994 winter olympics?
Germany
41.9%
Which country gained the most medals in cross country for women in the 1998 winter olympics in Nagano, Japan?
Russia
41.6%
Bode Miller failed to win any gold medals in Salt Lake City in 2002, but how many silver medals did he collect?
2
40.1%
Oslo hosted the games in 1952, and all the medal winners at the 10 km for women came from the same country. Which one?
Finland
39.8%
The gold winner and the silver winner at the 50 km in Innsbruck in 1964 both came from the same country. Which one?
Sweden
39.2%
Hilde G. Pedersen won a bronze medal in 2006. How old was she then?
42
38.9%
All the three medal winners in the mens halfpipe in 2002 were representing the same country. Which one?
USA
38.3%
Who won the 4x10 pursuit for men in Lillehammer in 1994?
Italy
38.1%
Only three different nations won medals in ski jumping in Turin in 2006. This was Austria, Finland and...?
Norway
35.7%
Canada failed to win the ice hockey tournament in 1994. Who won the final?
Sweden
34.8%
Nordic combined athlete Todd Lodwick is representing...?
USA
33.3%
Maurilio de Zolt from Italy took part at Lillehammer in 1994. How old was he?
44
33%
Which country did Johann Mühlegg represent in the 2002 winter olympics, where he won numerous medals who later was taken from him because of doping?
Spain
32.4%
Hoffmann and Botvinov won gold and silver in that race. For which country?
Austria
29.8%
Which norwegian won eight gold medals between 1992 and 1998?
Bjørn Dæhlie
27.7%
Question
Answer
% Correct
How many medals did Norway win in biathlon at home in the 1994 olympics at Lillehammer?
0
27.1%
Which country did Vladimir Smirnov represent?
Kazakhstan
24.8%
Frank-
Peter Roetsch won both individual biathlon competitions in the 1988 winter olympics in Calgary, representing which country?
DDR
23.9%
Suprisingly, this 21 year old swiss athlete won both individual competitions in Salt Lake City in 2002?
Simon Ammann
23.3%
And when was the IOC formed (year)?
1894
23%
Who won the 30 km for men in the same olympics?
Thomas Alsgaard
21.8%
Who won the silver medal in the womens team sprint in 2006?
Canada
21.8%
Which country did Eddie the Eagle represent?
United Kingdom
21.5%
Germany won the team K120 in the same olympics. The team consisted of: Hannawald, Hocke, Uhrmann and...?
Martin Schmitt
18.9%
Espen Bredesen won in the normal hill in 1994. A fellow norwegian finished second. Who?
Lasse Ottesen
17.1%
Which german won gold medals in both 1984 and 1994?
Jens Weissflog
16.2%
Japan won the team K120 competition at home in Nagano in 1998. The team consisted of: Okabe, Saito, Harada and...?
Kazuyoshi Funaki
15.6%
Martina Beck was formerly known as Martina...?
Glagow
15%
The swede Thomas Wassberg won the 15 km for men in the 1980 winter olympics in Lake Placid by 1/
100 second. Who finished second?
Juha Mieto
14.5%
Who won both the 10 km and the 15 km for women in the 2006 winter olympics in Turin, Italy?
Kristina Smigun
14.2%
Which norwegian finished 3rd and won the bronze medal in the 30 km for men in 2002, claiming the medal to be 'by Gods grace, to Gods honor'?
Kristen Skjeldal
12.1%
By how many points did they beat Finland?
0.1
11.8%
Who won the bronze medal in curling in 2002?
Switzerland
11.8%
But who won the 4x7.5 relay in the same olympics?
Soviet Union
8.6%
Which legend won a bronze medal in the large hill at Lillehammer in 1994?
Andreas Goldberger
7.4%
Which biathlete took part in Germanys' 4x5 relay in Nagano in 1998?
Kati Wilhelm
6.5%
...And who won?
Mika Myllylä
5%
Who finished last of the 16 teams in the 4x10 relay for men in 1992?
Greece
3.5%
Which bulgarian biathlete won a suprisingly gold medal in the 15 km for women in 1998?
Ekaterina Dafovska
2.4%
Who was the only participant in the 1968 winter olympics in Grenoble who won a medal both in the normal and the large hill?
Jiri Raska
2.1%
Quiz Playlist
Details
Report
Send in Message
Add To Playlist
Classic:
Type in answers that appear in a list
Forced Order:
Answers have to be entered in order
Last Updated: Feb 16, 2017
Quiz Scoreboard
CHALLENGE
Sign Up to Join the Scoreboard
Show All
Scores
Hide
Comments
May contain spoilers
Recently Published
Street Fighter Characters
by Artimus82
Gaming
60s
9x9 Crossword: Cartoon Network
by jackfrog10
Miscellaneous
3m
College Basketball Coaching Resumes
by pancakes188
Sports
9m
More to Explore
Quiz From the Vault
Featured Blog Post
Where Did the Easter Bunny Come From?
hide this ad
You Might Also Like...
Tags
Olympics Quiz
Category
Winter
Winter Olympics
Today's Top Quizzes in Sports
Browse Sports
hide this ad
Today's Top Quizzes in Olympics
Browse Olympics
Top Contributed Quizzes in Sports
1
2022 World Cup Stars
2
Les meilleurs buteurs des matchs entre le PSG et l’OM
3
FIFA Club World Cup Champions
4
Les entraîneurs de l'OM et du PSG au 21e siècle
5
Criteria MLB: Left Handed Sluggers
6
2023 MLB Unique Player Accomplishments
7
AFC Teams Reveal (Wrong Answers Minefield)
8
Players with Multiple 50 Home Run Seasons
9
5-to-1: FBS Animal Nicknames
10
5-to-1: UK Sports Teams
Explore More
Trending Topics
Kpop
Disney
Anime
Crossword
NBA
Harry Potter
Marvel
Puzzle
WWE
Country
Soccer
Pokémon
NFL
The Office
Song
hide this ad
More By:
Oppmannen
Quiz
Plays
Rating
Category
Featured
Created
Ski Jumping Champions of the 00's
1,873
4.33
Sports
Jan 29, 2010
Rosenborgs goals in the Champions League
1,403
3.40
Sports
Nov 7, 2009
Norways squad in the 1998 world cups
1,207
1.91
Sports
Nov 7, 2009
Norways goalscorers in the 00's
845
5.00
Sports
Jan 26, 2010
Can you name these Rosenborg players?
592
1.50
Sports
Dec 7, 2009
Go to Creator's Profile
Score Distribution
Quiz Creator Spotlight
Oppmannen
Follow
Send a Message
Quizzes Created
-
Created Quiz Play Count
-
More By This Creator
Popular Quizzes Today
1
Find the US States - No Outlines Minefield
2
Find the Countries of Europe - No Outlines Minefield
3
The Countries of the World
4
Find the US States
5
Risky Map Clicking: Biggest States A-Z
6
US States
7
Popular People in 1961
8
Movies - When Are They Set?
More Sports Quizzes
NCAA Mens Trifecta Champions
Published
Trending Quizzes
Risky Map Clicking: Least Populous States A-Z
1-10 Letter G Words
Risky Map Clicking: Next State Alphabetically
Adjectives in 80s TV Shows
The Seven Year Switch: Catherine
Recently Updated
Leaping Animals
pecheneg
Reality TV Shows (A-Z)
bhenderson79
Rickey Henderson's Hall of Fame Teammates
pecheneg
Champions League XIs: Arsenal
pecheneg
Quick Pick: Celebrities in WWE's Hall of Fame
aduchscher
A-Z Keypad Blitz II
pecheneg
Multiple Oscar Actors
pecheneg
Mystery Phrase Blitz: Oscar 'Best Actors'
pecheneg
F. Scott Fitzgerald Novels
LTH
Pick 3 Villains
ddd62291
Trending Topics
Anime
NBA
Marvel
Crossword
Kpop
Harry Potter
Disney
Puzzle
The Office
WWE
Song
Soccer
NFL
Pokémon
Country
Your Account Isn't Verified!
In order to create a playlist on Sporcle, you need to verify the email address you used during registration. Go to your
Sporcle Settings
to finish the process.
Report this User
Report this user for behavior that violates our
Community Guidelines
.
Details:
Send Report
Go to the Sporcle.com Mobile Site →
Comments